LDR 00777naa#a2200169#i#450# 001 RU\\bibl\120391 005 20260512010928.2 011 ## _a2074-8183 100 ## _a20260331b2026####ek#y0rusy0150####ca 102 ## _aRU 200 1# _aСОВЕРШЕНИЕ ПРЕСТУПЛЕНИЯ С ПУБЛИЧНОЙ ДЕМОНСТРАЦИЕЙ: ВОПРОСЫ ТОЛКОВАНИЯ УГОЛОВНО-ПРАВОВЫХ НОРМ _eЖурнальная статья 210 1# _aВолгоград _cВолгоградская академия МВД России _d2026 215 ## _a11 с. 608 ## _aЖурнальная статья _2local 675 ## _aОтягчающие обстоятельства. 343.235 _z 700 #1 _aЕгорова _gНаталья Александровна 856 4# _ava-mvd.editorum.ru _u